<?xml version="1.0" encoding="UTF-8"?>
<collection xmlns="http://www.loc.gov/MARC21/slim">
 <record>
  <leader>05489cam a2200937   4500</leader>
  <controlfield tag="001">1606950568</controlfield>
  <controlfield tag="003">DE-627</controlfield>
  <controlfield tag="005">20240817195706.0</controlfield>
  <controlfield tag="007">tu</controlfield>
  <controlfield tag="008">030912s2003    gw |||||      00| ||ger c</controlfield>
  <datafield tag="020" ind1=" " ind2=" ">
   <subfield code="a">3775257322</subfield>
   <subfield code="9">3-7752-5732-2</subfield>
  </datafield>
  <datafield tag="035" ind1=" " ind2=" ">
   <subfield code="a">(DE-627)1606950568</subfield>
  </datafield>
  <datafield tag="035" ind1=" " ind2=" ">
   <subfield code="a">(DE-576)106968459</subfield>
  </datafield>
  <datafield tag="035" ind1=" " ind2=" ">
   <subfield code="a">(DE-599)BSZ106968459</subfield>
  </datafield>
  <datafield tag="035" ind1=" " ind2=" ">
   <subfield code="a">(OCoLC)249444059</subfield>
  </datafield>
  <datafield tag="035" ind1=" " ind2=" ">
   <subfield code="a">(OCoLC)53057936</subfield>
  </datafield>
  <datafield tag="035" ind1=" " ind2=" ">
   <subfield code="a">(OCoLC)249444059</subfield>
  </datafield>
  <datafield tag="040" ind1=" " ind2=" ">
   <subfield code="a">DE-627</subfield>
   <subfield code="b">ger</subfield>
   <subfield code="c">DE-627</subfield>
   <subfield code="e">rakwb</subfield>
  </datafield>
  <datafield tag="041" ind1=" " ind2=" ">
   <subfield code="a">ger</subfield>
  </datafield>
  <datafield tag="044" ind1=" " ind2=" ">
   <subfield code="c">XA-DE</subfield>
  </datafield>
  <datafield tag="050" ind1=" " ind2="0">
   <subfield code="a">DD137.5</subfield>
  </datafield>
  <datafield tag="050" ind1=" " ind2="0">
   <subfield code="a">DD137.5</subfield>
  </datafield>
  <datafield tag="084" ind1=" " ind2=" ">
   <subfield code="a">63</subfield>
   <subfield code="2">sdnb</subfield>
  </datafield>
  <datafield tag="084" ind1=" " ind2=" ">
   <subfield code="a">8,1</subfield>
   <subfield code="2">ssgn</subfield>
  </datafield>
  <datafield tag="084" ind1=" " ind2=" ">
   <subfield code="a">NM 1100</subfield>
   <subfield code="2">rvk</subfield>
   <subfield code="0">(DE-625)rvk/126263:</subfield>
  </datafield>
  <datafield tag="084" ind1=" " ind2=" ">
   <subfield code="a">PW 2010</subfield>
   <subfield code="q">BVB</subfield>
   <subfield code="2">rvk</subfield>
   <subfield code="0">(DE-625)rvk/140820:</subfield>
  </datafield>
  <datafield tag="084" ind1=" " ind2=" ">
   <subfield code="a">ND 7480</subfield>
   <subfield code="q">BVB</subfield>
   <subfield code="2">rvk</subfield>
   <subfield code="0">(DE-625)rvk/125132:</subfield>
  </datafield>
  <datafield tag="084" ind1=" " ind2=" ">
   <subfield code="a">ND 7360</subfield>
   <subfield code="2">rvk</subfield>
   <subfield code="0">(DE-625)rvk/125127:</subfield>
  </datafield>
  <datafield tag="084" ind1=" " ind2=" ">
   <subfield code="a">07</subfield>
   <subfield code="2">bwlb</subfield>
  </datafield>
  <datafield tag="084" ind1=" " ind2=" ">
   <subfield code="a">15.41</subfield>
   <subfield code="2">bkl</subfield>
  </datafield>
  <datafield tag="084" ind1=" " ind2=" ">
   <subfield code="a">15.12</subfield>
   <subfield code="2">bkl</subfield>
  </datafield>
  <datafield tag="100" ind1="1" ind2=" ">
   <subfield code="a">Hlawitschka, Eduard</subfield>
   <subfield code="d">1928-</subfield>
   <subfield code="0">(DE-588)118884727</subfield>
   <subfield code="0">(DE-627)079661351</subfield>
   <subfield code="0">(DE-576)161440096</subfield>
   <subfield code="4">aut</subfield>
  </datafield>
  <datafield tag="245" ind1="1" ind2="0">
   <subfield code="a">Konradiner-Genealogie, unstatthafte Verwandtenehen und spätottonisch-frühsalische Thronbesetzungspraxis</subfield>
   <subfield code="b">ein Rückblick auf 25 Jahre Forschungsdisput</subfield>
   <subfield code="c">Eduard Hlawitschka</subfield>
  </datafield>
  <datafield tag="264" ind1=" " ind2="1">
   <subfield code="a">Hannover</subfield>
   <subfield code="b">Hahn</subfield>
   <subfield code="c">2003</subfield>
  </datafield>
  <datafield tag="300" ind1=" " ind2=" ">
   <subfield code="a">XX, 220 S.</subfield>
  </datafield>
  <datafield tag="336" ind1=" " ind2=" ">
   <subfield code="a">Text</subfield>
   <subfield code="b">txt</subfield>
   <subfield code="2">rdacontent</subfield>
  </datafield>
  <datafield tag="337" ind1=" " ind2=" ">
   <subfield code="a">ohne Hilfsmittel zu benutzen</subfield>
   <subfield code="b">n</subfield>
   <subfield code="2">rdamedia</subfield>
  </datafield>
  <datafield tag="338" ind1=" " ind2=" ">
   <subfield code="a">Band</subfield>
   <subfield code="b">nc</subfield>
   <subfield code="2">rdacarrier</subfield>
  </datafield>
  <datafield tag="490" ind1="1" ind2=" ">
   <subfield code="a">Studien und Texte / Monumenta Germaniae Historica</subfield>
   <subfield code="v">32</subfield>
  </datafield>
  <datafield tag="505" ind1="8" ind2="0">
   <subfield code="a">Quellen- und Literaturverz. S. [XV] - XX</subfield>
  </datafield>
  <datafield tag="583" ind1="1" ind2=" ">
   <subfield code="a">Archivierung/Langzeitarchivierung gewährleistet</subfield>
   <subfield code="f">PENI</subfield>
   <subfield code="x">XA-DE-NI</subfield>
   <subfield code="2">pdager</subfield>
   <subfield code="5">DE-35</subfield>
  </datafield>
  <datafield tag="600" ind1="0" ind2="7">
   <subfield code="0">(DE-588)118913433</subfield>
   <subfield code="0">(DE-627)695055526</subfield>
   <subfield code="0">(DE-576)210377305</subfield>
   <subfield code="a">Konradiner</subfield>
   <subfield code="2">gnd</subfield>
   <subfield code="7">(dpeaa)DE-631</subfield>
  </datafield>
  <datafield tag="650" ind1="0" ind2="7">
   <subfield code="0">(DE-588)4020097-8</subfield>
   <subfield code="0">(DE-627)106319302</subfield>
   <subfield code="0">(DE-576)208931864</subfield>
   <subfield code="a">Genealogie</subfield>
   <subfield code="2">gnd</subfield>
   <subfield code="7">(dpeaa)DE-631</subfield>
  </datafield>
  <datafield tag="650" ind1=" " ind2="4">
   <subfield code="a">Literaturbericht 1980-2003</subfield>
   <subfield code="7">(dpeaa)DE-2491</subfield>
  </datafield>
  <datafield tag="650" ind1=" " ind2="4">
   <subfield code="a">Konradiner</subfield>
   <subfield code="7">(dpeaa)DE-2491</subfield>
  </datafield>
  <datafield tag="650" ind1=" " ind2="4">
   <subfield code="a">Genealogie</subfield>
   <subfield code="7">(dpeaa)DE-2491</subfield>
  </datafield>
  <datafield tag="651" ind1=" " ind2="4">
   <subfield code="a">Holy Roman Empire</subfield>
   <subfield code="x">Genealogy</subfield>
  </datafield>
  <datafield tag="651" ind1=" " ind2="4">
   <subfield code="a">Holy Roman Empire</subfield>
   <subfield code="x">Historiography</subfield>
  </datafield>
  <datafield tag="651" ind1=" " ind2="4">
   <subfield code="a">Holy Roman Empire</subfield>
   <subfield code="x">History</subfield>
   <subfield code="x">To 1517</subfield>
  </datafield>
  <datafield tag="689" ind1="0" ind2="0">
   <subfield code="d">p</subfield>
   <subfield code="0">(DE-588)118913433</subfield>
   <subfield code="0">(DE-627)695055526</subfield>
   <subfield code="0">(DE-576)210377305</subfield>
   <subfield code="a">Konradiner</subfield>
   <subfield code="2">gnd</subfield>
  </datafield>
  <datafield tag="689" ind1="0" ind2="1">
   <subfield code="d">s</subfield>
   <subfield code="0">(DE-588)4020097-8</subfield>
   <subfield code="0">(DE-627)106319302</subfield>
   <subfield code="0">(DE-576)208931864</subfield>
   <subfield code="a">Genealogie</subfield>
   <subfield code="2">gnd</subfield>
  </datafield>
  <datafield tag="689" ind1="0" ind2=" ">
   <subfield code="5">DE-101</subfield>
  </datafield>
  <datafield tag="689" ind1="1" ind2="0">
   <subfield code="d">p</subfield>
   <subfield code="0">(DE-588)118913433</subfield>
   <subfield code="0">(DE-627)695055526</subfield>
   <subfield code="0">(DE-576)210377305</subfield>
   <subfield code="a">Konradiner</subfield>
   <subfield code="2">gnd</subfield>
  </datafield>
  <datafield tag="689" ind1="1" ind2="1">
   <subfield code="d">s</subfield>
   <subfield code="0">(DE-588)4020097-8</subfield>
   <subfield code="0">(DE-627)106319302</subfield>
   <subfield code="0">(DE-576)208931864</subfield>
   <subfield code="a">Genealogie</subfield>
   <subfield code="2">gnd</subfield>
  </datafield>
  <datafield tag="689" ind1="1" ind2=" ">
   <subfield code="5">(DE-627)</subfield>
  </datafield>
  <datafield tag="689" ind1="2" ind2="0">
   <subfield code="d">p</subfield>
   <subfield code="0">(DE-588)118913433</subfield>
   <subfield code="0">(DE-627)695055526</subfield>
   <subfield code="0">(DE-576)210377305</subfield>
   <subfield code="a">Konradiner</subfield>
   <subfield code="2">gnd</subfield>
  </datafield>
  <datafield tag="689" ind1="2" ind2=" ">
   <subfield code="5">(DE-627)</subfield>
  </datafield>
  <datafield tag="787" ind1="0" ind2="8">
   <subfield code="i">Rezensiert in</subfield>
   <subfield code="a">Jackman, Donald C.</subfield>
   <subfield code="t">[Rezension von: Eduard Hlawitschka, Konradiner-Genealogie, unstatthafte Verwandtenehen und spätottonisch-frühsalische Thronbesetzungspraxis. Ein Rückblick auf 25 Jahre Forschungsdisput]</subfield>
   <subfield code="d">Sigmaringen : Jan Thorbecke Verlag, 2005</subfield>
   <subfield code="w">(DE-627)1670994325</subfield>
  </datafield>
  <datafield tag="787" ind1="0" ind2="8">
   <subfield code="i">Rezensiert in</subfield>
   <subfield code="a">Ehlers, Caspar, 1964 - </subfield>
   <subfield code="t">[Rezension von: Eduard Hlawitschka, Konradiner-Genealogie, unstatthafte Verwandtenehen und spätottonisch-frühsalische Thronbesetzungspraxis, ein Rückblick auf 25 Jahre Forschungsdisput]</subfield>
   <subfield code="d">2004</subfield>
   <subfield code="w">(DE-627)1745549587</subfield>
  </datafield>
  <datafield tag="787" ind1="0" ind2="8">
   <subfield code="i">Rezension</subfield>
   <subfield code="a">Jackman, Donald C.</subfield>
   <subfield code="t">[Rezension von: Hlawitschka, Eduard, Konradiner-Genealogie, unstatthafte Verwandtenehen und spätottonisch-frühsalische Thronbesetzungspraxis, ein Rückblick auf 25 Jahre Forschungsdisput]</subfield>
   <subfield code="d">2005</subfield>
   <subfield code="w">(DE-627)574244379</subfield>
  </datafield>
  <datafield tag="787" ind1="0" ind2="8">
   <subfield code="i">Rezensiert in</subfield>
   <subfield code="a">Jürgen Dendorfer</subfield>
   <subfield code="t">[Konradiner-Genealogie, unstatthafte Verwandtenehen und spätottonisch-frühsalische Thronbesetzungspraxis], in: Zeitschrift für bayerische Landesgeschichte</subfield>
   <subfield code="g">68. 2005. - S. 1201 - 1203</subfield>
  </datafield>
  <datafield tag="830" ind1=" " ind2="0">
   <subfield code="a">Monumenta Germaniae historica / Studien und Texte</subfield>
   <subfield code="v">32</subfield>
   <subfield code="9">32</subfield>
   <subfield code="w">(DE-627)357870611</subfield>
   <subfield code="w">(DE-576)024228729</subfield>
   <subfield code="w">(DE-600)1316338-3</subfield>
   <subfield code="x">0938-6432</subfield>
   <subfield code="7">ns</subfield>
  </datafield>
  <datafield tag="856" ind1="4" ind2="2">
   <subfield code="u">http://www.gbv.de/dms/hebis-darmstadt/toc/114086540.pdf</subfield>
   <subfield code="m">V:DE-603</subfield>
   <subfield code="m">B:DE-17</subfield>
   <subfield code="q">pdf/application</subfield>
   <subfield code="x">Verlag</subfield>
   <subfield code="y">Inhaltsverzeichnis</subfield>
   <subfield code="3">Inhaltsverzeichnis</subfield>
  </datafield>
  <datafield tag="889" ind1=" " ind2=" ">
   <subfield code="w">(DE-576)484068024</subfield>
  </datafield>
  <datafield tag="889" ind1=" " ind2=" ">
   <subfield code="w">(DE-627)368898652</subfield>
  </datafield>
  <datafield tag="935" ind1=" " ind2=" ">
   <subfield code="a">BWLB</subfield>
  </datafield>
  <datafield tag="935" ind1=" " ind2=" ">
   <subfield code="i">mdedup</subfield>
  </datafield>
  <datafield tag="936" ind1="r" ind2="v">
   <subfield code="a">NM 1100</subfield>
   <subfield code="b">Deutschland</subfield>
   <subfield code="k">Geschichte</subfield>
   <subfield code="k">Geschichte des Mittelalters</subfield>
   <subfield code="k">Quellen und Darstellungen zum Gesamtzeitraum</subfield>
   <subfield code="k">Quellen (vor allem Reihen)</subfield>
   <subfield code="k">Deutschland</subfield>
   <subfield code="0">(DE-627)1270879855</subfield>
   <subfield code="0">(DE-625)rvk/126263:</subfield>
   <subfield code="0">(DE-576)200879855</subfield>
  </datafield>
  <datafield tag="936" ind1="r" ind2="v">
   <subfield code="a">PW 2010</subfield>
   <subfield code="b">Monumenta</subfield>
   <subfield code="k">Rechtswissenschaft</subfield>
   <subfield code="k">Deutsche und ausländische Rechtsgeschichte</subfield>
   <subfield code="k">Quellen</subfield>
   <subfield code="k">Allgemeine Quellen</subfield>
   <subfield code="k">Monumenta</subfield>
   <subfield code="0">(DE-627)127145520X</subfield>
   <subfield code="0">(DE-625)rvk/140820:</subfield>
   <subfield code="0">(DE-576)20145520X</subfield>
  </datafield>
  <datafield tag="936" ind1="r" ind2="v">
   <subfield code="a">ND 7480</subfield>
   <subfield code="b">Einzelne Geschlechter</subfield>
   <subfield code="k">Geschichte</subfield>
   <subfield code="k">Historische Hilfswissenschaften</subfield>
   <subfield code="k">Genealogie und Familiengeschichte</subfield>
   <subfield code="k">Genealogie und Familiengeschichte des Adels</subfield>
   <subfield code="k">Einzelne Geschlechter</subfield>
   <subfield code="0">(DE-627)127082158X</subfield>
   <subfield code="0">(DE-625)rvk/125132:</subfield>
   <subfield code="0">(DE-576)20082158X</subfield>
  </datafield>
  <datafield tag="936" ind1="r" ind2="v">
   <subfield code="a">ND 7360</subfield>
   <subfield code="b">Europäische Herrscherhäuser</subfield>
   <subfield code="k">Geschichte</subfield>
   <subfield code="k">Historische Hilfswissenschaften</subfield>
   <subfield code="k">Genealogie und Familiengeschichte</subfield>
   <subfield code="k">Genealogie und Familiengeschichte der Herrscherhäuser</subfield>
   <subfield code="k">Europäische Herrscherhäuser</subfield>
   <subfield code="0">(DE-627)1271133814</subfield>
   <subfield code="0">(DE-625)rvk/125127:</subfield>
   <subfield code="0">(DE-576)201133814</subfield>
  </datafield>
  <datafield tag="936" ind1="b" ind2="k">
   <subfield code="a">15.41</subfield>
   <subfield code="j">Deutsche Geschichte bis 1499</subfield>
   <subfield code="x">Deutsche Geschichte</subfield>
   <subfield code="0">(DE-627)18156971X</subfield>
  </datafield>
  <datafield tag="936" ind1="b" ind2="k">
   <subfield code="a">15.12</subfield>
   <subfield code="j">Genealogie</subfield>
   <subfield code="j">Heraldik</subfield>
   <subfield code="0">(DE-627)10640458X</subfield>
  </datafield>
  <datafield tag="951" ind1=" " ind2=" ">
   <subfield code="a">BO</subfield>
  </datafield>
  <datafield tag="990" ind1=" " ind2=" ">
   <subfield code="a">Konradiner</subfield>
  </datafield>
  <datafield tag="990" ind1=" " ind2=" ">
   <subfield code="a">Genealogie</subfield>
  </datafield>
  <datafield tag="990" ind1=" " ind2=" ">
   <subfield code="a">Konradiner</subfield>
  </datafield>
  <datafield tag="990" ind1=" " ind2=" ">
   <subfield code="a">Genealogie</subfield>
  </datafield>
  <datafield tag="990" ind1=" " ind2=" ">
   <subfield code="a">Konradiner</subfield>
  </datafield>
  <datafield tag="991" ind1=" " ind2=" ">
   <subfield code="a">Rezensiertes Werk</subfield>
  </datafield>
  <datafield tag="999" ind1=" " ind2=" ">
   <subfield code="a">KXP-PPN1606950568</subfield>
   <subfield code="e">4020829446</subfield>
  </datafield>
 </record>
</collection>
